01667cam a22002534a 4500020001500000020001800015040000800033082002600041110001600067245004300083260004700126300003100173490001900204520092400223650002301147650003001170650001801200650001601218650004601234650002401280650003201304710001601336856006101352 a0821357492 a9780821364345 cLDC a338 WOR 2005 A073 Or.2 aWorld Bank.10aDoing Business in 2006bCreating Jobs. aWashington, D.C. :bThe World Bank,c2005. a1 online resource (189 p.)1 aDoing Business3 aDoing Business in 2006 is the third in a series of annual reports investigating regulations that enhance business activity and those that constrain it. This edition provides analysis on those regulations that help create jobs and those that deter it. New quantitative indicators on business regulations and their enforcement can be compared across 150 countries - from Albania to Zimbabwe - and over time. Doing Business in 2006 updates the indicators presented in previous reports: on starting a business, hiring and firing workers, getting licenses, getting credit, protecting investors, enforcing contracts, and closing a business. Two news sets of measures are added, on paying taxes and trading across borders. The indicators are used to analyze economic and social outcomes, such as productivity, investment, informality, corruption, unemployment and poverty, and identify what reforms have worked, where and why. 4aAccess to Finance. 4aBanks and Banking Reform. 4aDebt Markets. 4aE-Business. 4aFinance and Financial Sector Development. 4aFinancial Literacy. 4aPrivate Sector Development.2 aWorld Bank.40uhttp://elibrary.worldbank.org/content/book/9780821357491